Introduction to the physics of electrons in solids / (Record no. 7712)

MARC details
000 -LEADER
fixed length control field 01228cam a2200325 a 4500
001 - CONTROL NUMBER
control field 3486142
003 - CONTROL NUMBER IDENTIFIER
control field NG-AbAUS
005 - DATE AND TIME OF LATEST TRANSACTION
control field 20230319005606.0
008 - FIXED-LENGTH DATA ELEMENTS--GENERAL INFORMATION
fixed length control field 940315s1995 enka 001 0 eng
010 ## -
-- 94011666
020 ## - INTERNATIONAL STANDARD BOOK NUMBER
International Standard Book Number 0521239419 (hardback)
020 ## - INTERNATIONAL STANDARD BOOK NUMBER
International Standard Book Number 0521283582 (paperback)
040 ## - CATALOGING SOURCE
Original cataloging agency DLC
Transcribing agency DLC
Modifying agency DLC
050 00 -
-- QC176
-- .T32 1995
082 00 - DEWEY DECIMAL CLASSIFICATION NUMBER
Classification number 530.4 T1579
Edition number 20
100 1# - MAIN ENTRY--PERSONAL NAME
Personal name Tanner, B. K.
Fuller form of name (Brian Keith)
9 (RLIN) 683
245 10 - TITLE STATEMENT
Title Introduction to the physics of electrons in solids /
Statement of responsibility, etc Brian K. Tanner.
246 30 -
-- Electrons in solids
260 ## - PUBLICATION, DISTRIBUTION, ETC. (IMPRINT)
Place of publication, distribution, etc Cambridge [England] ;
-- New York, NY, USA :
Name of publisher, distributor, etc Cambridge University Press,
Date of publication, distribution, etc 1995.
300 ## - PHYSICAL DESCRIPTION
Extent xvii, 246 p. :
Other physical details ill. ;
Dimensions 23 cm.
500 ## -
-- Includes index.
650 #0 -
-- Solid state physics.
-- 684
650 #0 -
-- Energy-band theory of solids.
-- 685
650 #0 -
-- Semiconductors.
-- 686
856 41 -
-- Table of contents
-- http://www.loc.gov/catdir/toc/cam041/94011666.html
856 42 -
-- Publisher description
-- http://www.loc.gov/catdir/description/cam026/94011666.html
906 ## -
-- 7
-- cbc
-- orignew
-- 1
-- ocip
-- 19
-- y-gencatlg
942 ## - ADDED ENTRY ELEMENTS (KOHA)
Source of classification or shelving scheme Dewey Decimal Classification
Item type Book
955 ## -
-- pc14 to ja00 03-15-94; je39 03-17-94; je08 21Mar94; je10 03-22-94; CIP ver. pv04 04-26-95

No items available.